| 000 | 00549nam a22001817a 4500 | ||
|---|---|---|---|
| 999 |
_c185372 _d185372 |
||
| 005 | 20220202124208.0 | ||
| 010 | _aENG-131164 | ||
| 020 |
_a9789390869374 _c250.00 |
||
| 035 | _aEN-114696 | ||
| 037 | _bDBAD | ||
| 082 | _aS | ||
| 100 | _aJaidka, Manju | ||
| 245 |
_aGumshoe Mania/ _cManju Jaidka |
||
| 260 |
_aMaharashtra _bVihwakarma Publications _c2021 |
||
| 270 |
_a34A/1, Suyog Center, 7th Floor, Gultekadi Marketyard Road, Giridhar Bhavan Chowk _bPune _e411037 _minfo@vpindia.co.in |
||
| 300 |
_a193p. _c22cm(pbk) |
||
| 942 |
_2ddc _cEN _hS _mMAN |
||